[Event "Piacenza Ruscitti Memorial 2nd"]
[Site "Piacenza"]
[Date "2023.11.19"]
[Round "3"]
[White "Ferrarini, Lorenzo"]
[Black "Liberto, Michele"]
[Result "0-1"]
[WhiteElo "1614"]
[BlackElo "1748"]
[PlyCount "76"]
[EventDate "2023.11.18"]
[EventType "swiss"]
[EventRounds "5"]
[EventCountry "ITA"]
[SourceTitle "CB48_2023"]
[SourceDate "2023.11.29"]
[SourceVersion "1"]
[SourceVersionDate "2023.11.29"]
[SourceQuality "1"]

1. d4 Nf6 2. c4 e6 3. g3 d5 4. Nf3 c6 5. Bg2 Nbd7 6. 0-0 Bd6 7. Qc2 0-0 8. Nbd2 e5 9. dxe5 Nxe5 10. Nxe5 Bxe5 11. Nf3 Bd6 12. b3 Be6 13. Ng5 Be5 14. Nxe6 fxe6 15. Bb2 Bxb2 16. Qxb2 Qe7 17. Rad1 Rad8 18. h3 e5 19. cxd5 cxd5 20. Rd2 e4 21. e3 Qc5 22. Rc1 Qa5 23. Qc3 Qxc3 24. Rxc3 Rf7 25. h4 Re7 26. Bh3 Kf7 27. g4 Rd6 28. g5 Nd7 29. Bxd7 Rexd7 30. Kg2 Kg6 31. Kg3 Kh5 32. Rc5 b6 33. Rb5 a6 34. Rb4 h6 35. Kf4 Kxh4 36. gxh6 Re7 37. Rxd5 Rf6+ 38. Rf5 g5# 0-1